000 00667nam a2200229Ia 4500
003 OSt
005 20221002051333.0
006 a|||||r|||| 00| 0
007 ta
008 220930b |||||||| |||| 00| 0 eng d
024 _a27175
037 _cReference Collections
040 _aCRL
_cCRL
_beng
041 _2eng
_aeng
082 _aAnk1,N85, N5(RR)
245 0 _aMcGraw-Hill yearbook of science and technology
_b Comprehensive coverage of recent events and research .
260 _aNew
_bMcGraw-Hill
_c1995
300 _a415p
_ccm.
650 _aSCIENCE
942 _hAnk1,N85, N5(RR)
_cref
_2CC
999 _c916609
_d916609